Rhinocéros: piece en trois actes et quatre tableaux

Shranjeno v:
Bibliografske podrobnosti
Glavni avtor: Ionesco, Eugène (Author)
Format: Knjiga
Jezik:francoščina
Izdano: Editions Gallimard 1959
Izdaja:1a. ed
Serija:Collection Folio, 100
Teme:
Oznake: Označite
Brez oznak, prvi označite!

MARC

LEADER 00000cam a2200000 a 4500
001 UCE1432
003 CL-VaPUC
008 140414e19590000fr |||||||||||||||||fre|d
082 0 4 |a 842  |b ION  |2 21 
100 |a Ionesco, Eugène  |e author  |9 318943 
245 1 0 |a Rhinocéros: piece en trois actes et quatre tableaux 
250 |a 1a. ed 
300 |a 246 p 
942 |c BK 
945 |d 20140414  |a dcastane 
260 |b Editions Gallimard  |c 1959 
650 7 |a DRAMAS FRANCESES  |2 CL-VaPUC  |9 267189 
650 0 |a Literatura francesa  |9 266330 
650 7 |a TEATRO DEL ABSURDO  |2 CL-VaPUC  |9 318944 
583 |a last modification  |c 20140424 11:19:38  |k Rodrigo Vera 
490 0 |a Collection Folio, 100 
999 |c 355214  |d 355212 
952 |0 0  |1 0  |3 erb  |4 0  |6 842_000000000000000_ION_1959  |7 0  |8 A  |9 461764  |a BIBART  |b BIBART  |i 5055253  |o 842 ION 1959  |p 5055253  |r 2023-01-11  |w 2019-11-23  |y BK  |z Catalogado en:20140414  |k ART